| 000 | 00323nam a2200109Ia 4500 | ||
|---|---|---|---|
| 008 | 230320s9999||||xx |||||||||||||| ||spa|| | ||
| 082 | _a268/C73 | ||
| 100 | _aLiii Asamblea Episcopal Peruana | ||
| 245 | 0 | _aFormación Integral De La Fe Dentro Del Contexto Cultural Y Educativo Peruano | |
| 260 | _bSalesiana | ||
| 942 |
_80 _cLIB |
||
| 999 |
_c33854 _d33854 |
||